Anuario de los temas y sus protagonistas 2000 /

محفوظ في:
التفاصيل البيبلوغرافية
التنسيق: كتاب
اللغة:الإسبانية
منشور في: Barcelona, España : Difusora Internacional, 2001, c2001
الموضوعات:
الوسوم: إضافة وسم
لا توجد وسوم, كن أول من يضع وسما على هذه التسجيلة!

MARC

LEADER 00000nam^a2200000^a^4500
001 000119353
005 20250521000000.0
009 20260310094312.952
020 |a 84-395-8828-3 
037 |a Acervo ITESO - Biblioteca 
041 |a ESP 
082 |a 903.  |b TEM 2000 
240 1 1 |a [Anuario de los temas y protagonistas] 
245 1 0 |a Anuario de los temas y sus protagonistas 2000 / 
264 4 |a Barcelona, España :  |b Difusora Internacional,  |c 2001, c2001 
300 |a 2 v. 
336 |a texto  |b txt  |2 rdacontenido 
337 |a sin mediación  |b n  |2 rdamedio 
338 |a volumen  |b nc  |2 rdasoporte 
649 |a XX 
650 |a Anuarios -  |x Tema Principal 
650 |a Cronología Histórica -  |y 2000-2009 
650 |a Historia Moderna -  |y Siglo XXI 
650 |a Historia Universal 
650 |a Enciclopedias y Diccionarios 
740 0 |a 2000 [i.e. Dos mil] :  |b el año multimedia, libro del siglo del cliente / 
910 |a Fondo General 
920 |a Impresos - Libros 
930 |a Obras de Referencia 
905 |a 102 
901 |a 0500053865  |b IT2  |c REF  |u 20250521 
901 |a 0500053809  |b IT2  |c REF  |u 20250521 
902 |a https://opac.biblio.iteso.mx/vufind/Record/000119353